筑波鉄道 筑波線の駅 - Statistics

General Stats
  • This quiz has been taken 3 times
  • The average score is 6 of 18
Answer Stats
所在地 駅名 % Correct
土浦市 土浦
100%
筑波
100%
真壁
100%
西茨城郡岩瀬町(現:桜川市) 岩瀬
100%
常陸藤沢
50%
田土部
50%
筑波郡筑波町(現:つくば市) 常陸小田
50%
雨引
50%
新土浦
0%
虫掛
0%
新治郡新治村(現:土浦市) 坂田
0%
常陸北条
0%
上大島
0%
真壁郡真壁町(現:桜川市) 酒寄
0%
紫尾
0%
常陸桃山
0%
樺穂
0%
真壁郡大和村(現:桜川市) 東飯田
0%
No matching quizzes found
Score Distribution
Percent of People with Each Score
Percentile by Number Answered
Your Score History
You have not taken this quiz